Tumorózní léze prostaty a močového měchýře v US obraze ; J. Křivánek, P. Flejšar, M. Sojáková, J. Hořejš

Bibliographic Details
Main Authors: Křivánek, J. (Author), Flejšar, P. (Author), Sojáková, M. (Author), Hořejš, J. (Author)
Format: Article
Language:Czech
Subjects:

MARC

LEADER 00000nab a2200000 a 4500
001 vtls000361324
003 SK-MaSNL
005 20260304030521.0
008 220422c1988 xo 0 cze
015 |a SNBRA19rr/mm-uuuuu 
035 |a CL0361446 
040 |a SNKBUCL  |b slo  |c SNKBUCL  |e AACR2 
041 0 |a cze 
044 |a xo  |c SK 
080 |a 616.65-079  |2 1981 
080 |a 616.62-079  |2 1981 
245 0 0 |a Tumorózní léze prostaty a močového měchýře v US obraze ; J. Křivánek, P. Flejšar, M. Sojáková, J. Hořejš 
650 0 7 |a prostata  |2 snkbucl  |9 28681 
650 0 7 |a močový mechúr  |2 snkbucl  |9 70115 
650 0 7 |a lézie tumorózne  |2 snkbucl  |9 1308913 
655 7 |a články zo zborníkov  |2 snkbucl  |9 166140 
700 1 |a Křivánek, J.  |4 aut  |9 1308914 
700 1 |a Flejšar, P.  |4 aut  |9 1293683 
700 1 |a Sojáková, M.  |4 aut  |9 1122950 
700 1 |a Hořejš, J.  |4 aut  |9 969077 
773 0 |t Aktuality z klinickej onkológie 18  |d Bratislava : Ústav klinickej onkológie, 1988 
850 |a Slovenská národná knižnica v Martine  |a MTA001 
852 |a SNK  |b KIS3GCP 
958 |a RK 
958 |a ME 
992 |a RZB 
999 |c 2634444  |d 2636374